| 000 | 00610nam a2200193Ia 4500 | ||
|---|---|---|---|
| 003 | GCL | ||
| 008 | 140319s9999 xx 000 0 ara d | ||
| 040 |
_aGCL / _cGCL |
||
| 082 | 0 | 4 |
_aد _b050 |
| 100 | 1 | _aعبدالسلام رضوان | |
| 245 | 1 | 0 |
_aجيران فى عالم واحد (عالم المعرفة 201) / _cعبدالسلام رضوان |
| 300 | _a446 ص | ||
| 490 |
_aعالم المعرفة _v0 |
||
| 650 | 0 | 4 | _aالعلاقات الدولية |
| 650 | 0 | 4 | _aالامم المتحدة |
| 650 | 0 | 4 | _aمجلس الامن |
| 650 | 0 | 4 | _aالنظام العالمى الحديث |
| 942 |
_2ddc _cBK |
||
| 999 |
_c46190 _d46190 |
||